000 00946nam a22002057a 4500
003 OSt
005 20160620110331.0
008 150409b2005 slv spa
040 _cBMC
082 _a658.1
100 1 _936009
_aCastellanos Vanegas, Karla María
245 1 _aPasantía de asistente a la jefatura de la unidad financiera institucional del Hospital Nacional de Chalchuapa
_cKarla María Castellanos Vanegas
260 _aSanta Ana (El Salvador)
_bUniversidad Católica de Occidente
_c2005
300 _a1 v. (pág. var.)
_c28 cm
_e+ 1 disco compacto
500 _aPrecede al tít.: Universidad Católica de Occidente, Facultad de Ciencias Económicas
502 _aTrabajo de graduación para optar al grado académico de Licenciatura en Administración de Empresas
650 2 4 _98517
_aOrganización de la empresa
710 2 _91067
_aUniversidad Católica de El Salvador
_bFacultad de Ciencias Empresariales
942 _2ddc
_cTG
999 _c22264
_d22264